000 00357nam a2200133Ia 4500
008 231129s9999||||xx |||||||||||||| ||spa||
020 _a84-306-1253-X
040 _bspa
082 _a190.9 A641t
100 _aApel karl-Otto
245 0 _aLa transformación de la filosofí­a
264 _aTaurus
942 _2ddc
_cBKS
999 _c18358
_d18358